| 000 | 00751cam a22002534a 4500 | ||
|---|---|---|---|
| 001 | 16294150 | ||
| 005 | 20180206042303.0 | ||
| 008 | 100621s2011 nyua b 001 0 eng | ||
| 010 | _a 2010024778 | ||
| 020 | _a9780205771295 | ||
| 020 | _a9780205778676 | ||
| 040 |
_aDLC _cDLC _dDLC |
||
| 041 | _aeng | ||
| 043 | _an-us--- | ||
| 080 | _a320.473 GRE | ||
| 082 | 0 | 0 |
_a320.473 GRE _222 |
| 100 | 1 | _a19 | |
| 101 | _aPOL | ||
| 245 | 1 | 4 |
_aThe struggle for democracy / _cEdward S. Greenberg & Benjamin I. Page. |
| 504 | _aIncludes bibliographical references and index. | ||
| 906 |
_a7 _bcbc _corignew _d1 _eecip _f20 _gy-gencatlg |
||
| 942 |
_2ddc _cBK |
||
| 999 |
_c41888 _d41888 |
||